Normal view
MARC view
- Electronics Commerce--Seurity measures
Entry Topical Term
001 - CONTROL NUMBER
- control field: 113368
003 - CONTROL NUMBER IDENTIFIER
- control field: NUST
005 - DATE AND TIME OF LATEST TRANSACTION
- control field: 20230705123644.0
008 - FIXED-LENGTH DATA ELEMENTS
- fixed length control field: 230705|| aca||aabn | a|a d
040 ## - CATALOGING SOURCE
- Original cataloging agency: NUST
- Transcribing agency: NUST
150 ## - HEADING--TOPICAL TERM
- Topical term or geographic name entry element: Electronics Commerce--Seurity measures
670 ## - SOURCE DATA FOUND
- Source citation: Work cat.: (NUST): Hassler, Vesna 113367, Security Fundamentals for E-Commerce /, 2001
